000
002920000a22000970004500
100
1
_a
Holmberg, Bengt
245
1
0
_a
Questions of method in James Dunn's Jesus remembered
300
_a
Vol. 26, Núm 4 (2004), Páginas 445-457
773
0
_t
Journal for the Study of the New Testament
942
_c
ANA
999
_c
55444
_d
55444